00358nam a2200109Ia 4500008004000000082001400040100002100054245009100075260005000166300001200216650002000228210210b2001 xxu||||| |||| 00| 0 eng d a954K RAJA aRAJARAMA HEGADE. aLaukika-alaukika: bharatiya ithihasadalli prabhutva rachane mattu mata sampradayagalu. aMalladi Halli.bAnandakanda Granthamalec2001 axii,227 aPower structure